Vzduch, ktorý dýchame
Hlavné vplyvy na kvalitu ovzdušia. Sortiment plynov a pár významných z hľadiska kvality ovzdušia. Obchodovanie s čistým vzduchom. Obchádzanie emisných noriem a kontrol automobilov. Obchodovanie s emisnými kvótami. Monitorovanie plynov a pár polovodičovými senzormi. Posúdenie citlivosti senzorov plyn...
Uložené v:
| Hlavný autor: | |
|---|---|
| Ďalší autori: | |
| Médium: | Kapitola |
| Jazyk: | Slovak |
| Predmet: | |
| Tagy: |
Žiadne tagy, Buďte prvý, kto otaguje tento záznam!
|
MARC
| LEADER | 00000nla a2200000 4500 | ||
|---|---|---|---|
| 001 | 0231303 | ||
| 005 | 20240417075121.4 | ||
| 041 | 0 | |a slo | |
| 044 | |a SK | ||
| 245 | 1 | 0 | |a Vzduch, ktorý dýchame |c Štefan Luby, Martina Lubyová |
| 520 | |a Hlavné vplyvy na kvalitu ovzdušia. Sortiment plynov a pár významných z hľadiska kvality ovzdušia. Obchodovanie s čistým vzduchom. Obchádzanie emisných noriem a kontrol automobilov. Obchodovanie s emisnými kvótami. Monitorovanie plynov a pár polovodičovými senzormi. Posúdenie citlivosti senzorov plynov z oxidov kovov z hľadiska praktického nasadenia v životnom prostredí. | ||
| 610 | 2 | 0 | |a kvalita ovzdušia |
| 610 | 2 | 0 | |a plyn |
| 610 | 2 | 0 | |a emisie |
| 610 | 2 | 0 | |a obchod |
| 610 | 2 | 0 | |a monitoring |
| 610 | 2 | 0 | |a ochrana ovzdušia |
| 100 | 1 | |a Luby, Štefan | |
| 700 | 1 | |a Lubyová, Martina | |